|
|
|
|
| LEADER |
01153nam a2200253 a 4500 |
| 001 |
3925348 |
| 008 |
091105s1993 enkab b 001 0 eng d |
| 010 |
|
|
|a 92045820
|
| 020 |
|
|
|a 041508847X
|
| 020 |
|
|
|a 0415088488 (pbk.)
|
| 040 |
|
|
|a DLC
|c DLC
|d DLC
|
| 082 |
0 |
0 |
|a 307.1/412/095
|2 20
|
| 245 |
0 |
0 |
|a Non-governmental organizations and the state in Asia :
|b rethinking roles in sustainable agricultural development /
|c edited by John Farrington and David J. Lewis with S. Satish and Aurea Miclat-Teves.
|
| 260 |
|
|
|a London ;
|a New York :
|b Routledge,
|c 1993.
|
| 300 |
|
|
|a xxxii, 366 p. :
|b ill., map ;
|c 24 cm.
|
| 490 |
0 |
|
|a Non-governmental organizations series
|
| 504 |
|
|
|a Includes bibliographical references (p. 345-353) and index.
|
| 541 |
1 |
|
|e 00005782
|
| 650 |
|
0 |
|a Rural development
|z Asia.
|
| 650 |
|
0 |
|a Non-governmental organizations
|z Asia.
|
| 700 |
1 |
|
|a Farrington, John.
|
| 852 |
4 |
|
|a Ayesha Abed Library
|j General Shelf
|
| 999 |
|
|
|c 5625
|d 5625
|
| 952 |
|
|
|0 0
|1 0
|2 ddc
|4 0
|6 307_141209500000000_NON_1993
|7 0
|9 5527
|a BRACUL
|b BRACUL
|c GEN
|d 2009-11-19
|g 0.00
|l 0
|o 307.1412095 NON
|p 3010005782
|r 2009-11-19
|t 1
|w 2009-11-19
|y BK
|x No price found in the accession register.
|